Né à Toulouse - Statistiques

Statistiques générales
  • Ce quiz a été pris 229 fois
    58 depuis la dernière actualisation
  • Le résultat moyen est 3 sur 11
Statistiques - réponses
Réponse % Correct
Chanseur et poète, "Armstrong" "Toulouse" "Paris Mai" 1929 Claude Nougaro
90%
Nageur qui gagne quatre médailles d'or et l'athlète le plus titré de Jeux Olympiques 2024 2002 Léon Marchand
88%
Ancien footballeur international, Inter Miami (PSG et Juventus) 1987 Blaise Matuidi
35%
Écrivain, "Les Fourmis" "Cycle des dieux" "L'Arbre des possibles" 1961 Bernard Werber
27%
Joueur de tennis 2000 Hugo Gaston
24%
Ancien footballeur international, Servette FC (Arsenal FC et Manchester City) 1985 Gael Clichy
16%
Ancien Président du Conseil constitutionnel et Président de l'Assemblée nationale 1944 Jean-Louis Debré
6%
DJ et producteur, "No Stress" "Survive" 1971 Laurent Wolf
4%
Philosophe et activiste extrême gauche 1946 Daniel Bensaid
0%
Politicien, ancien Président du Conseil des ministres et Ministre des Finances dans la période de la Restauration 1773 Joseph de Villèle
0%
L'inventeur du trapèze volant et le justaucorps 1838 Jules Léotard
0%
Aucun quiz correspondant
Distribution des résultats
% des personnes avec chaque résultat
Percentile par nombre de réponses
Votre historique - résultats
Vous n’avez pas pris ce quiz depuis la dernière actualisation